[Event "8. Open Bali sub-2000"]
[Site "Benidorm ESP"]
[Date "2009.11.28"]
[Round "1.1"]
[White "Alegret Grino, Amadeu"]
[Black "Olmos Rosa, Fernando"]
[Result "1-0"]
[WhiteElo "1998"]
[BlackElo "1844"]
[PlyCount "109"]
[EventDate "2009.11.28"]
[EventType "swiss"]
[EventRounds "10"]
[EventCountry "ESP"]
[Source "lmi"]
[SourceDate "2009.11.28"]

1. d4 Nf6 2. c4 c5 3. Nf3 cxd4 4. Nxd4 Nc6 5. Nc3 e6 6. e4 Bb4 7. f3 O-O 8. Be3
d5 9. Nxc6 bxc6 10. cxd5 cxd5 11. exd5 Nxd5 12. Bd4 Qa5 13. a3 Bxc3+ 14. bxc3
Bd7 15. Kf2 Rac8 16. c4 Ba4 17. Qe1 Qxe1+ 18. Rxe1 Nb6 19. Rb1 Rc6 20. Be2 Rfc8
21. Rhc1 Rd6 22. Be3 Rdd8 23. Rb4 Be8 24. Bxb6 axb6 25. Rxb6 Rc5 26. f4 g6 27.
Bf3 Rdc8 28. Rb4 Ra5 29. Rc3 Rac5 30. Bd1 Bc6 31. Bf3 Be8 32. Ke3 Rd8 33. Rd3
Rdc8 34. Bb7 R8c7 35. Ba6 Kg7 36. Bb5 Bc6 37. g4 Kf6 38. a4 g5 39. a5 h5 40.
fxg5+ Rxg5 41. gxh5 Rxh5 42. Rd2 Ke5 43. Bxc6 f5 44. Bb7 Rh3+ 45. Ke2 Rxh2+ 46.
Ke1 Rh3 47. a6 Ra3 48. Re2+ Kd4 49. Rxe6 Rh7 50. Reb6 Rh2 51. Rb2 Ra1+ 52. Rb1
Raa2 53. Rd6+ Ke3 54. c5 f4 55. Rb3# 1-0

[Event "8. Open Bali sub-2000"]
[Site "Benidorm ESP"]
[Date "2009.11.28"]
[Round "1.2"]
[White "Pastor Briones, Jose"]
[Black "Delseny, Serge"]
[Result "1-0"]
[WhiteElo "1843"]
[BlackElo "1998"]
[PlyCount "113"]
[EventDate "2009.11.28"]
[EventType "swiss"]
[EventRounds "10"]
[EventCountry "ESP"]
[Source "lmi"]
[SourceDate "2009.11.28"]

1. e4 c5 2. Nc3 e6 3. f4 a6 4. Nf3 b5 5. d3 Bb7 6. g3 Qc7 7. Bg2 Nf6 8. O-O Nc6
9. e5 b4 10. exf6 bxc3 11. bxc3 gxf6 12. Be3 Ne7 13. d4 Nf5 14. Bf2 Bd5 15. Re1
Be7 16. dxc5 Bxc5 17. Qxd5 Bxf2+ 18. Kxf2 O-O 19. Qd2 Rac8 20. Nd4 Nxd4 21.
cxd4 Qxc2 22. Qxc2 Rxc2+ 23. Re2 Rxe2+ 24. Kxe2 Rb8 25. Rd1 d5 26. Rd2 Kf8 27.
Ke3 Ke7 28. Bf1 a5 29. Bd3 f5 30. Rc2 Rb4 31. Rc5 Ra4 32. Rc2 Kd6 33. Rb2 Ra3
34. h4 Rc3 35. Kd2 Rc8 36. Rb6+ Kc7 37. Ra6 Rg8 38. Ra7+ Kd6 39. Rxf7 Rxg3 40.
Rxh7 Rf3 41. h5 Rxf4 42. Ke3 Rh4 43. Bb5 f4+ 44. Kf3 e5 45. Rh6+ Ke7 46. dxe5
Rh2 47. a4 d4 48. Kxf4 d3 49. Bxd3 Rh4+ 50. Kf5 Rxa4 51. Rh7+ Kf8 52. h6 Rh4
53. Ke6 Kg8 54. Rg7+ Kh8 55. Rg6 a4 56. Rf6 Kg8 57. Ke7 1-0

[Event "8. Open Bali sub-2000"]
[Site "Benidorm ESP"]
[Date "2009.11.28"]
[Round "1.3"]
[White "Hoffmann, Roger"]
[Black "Colompar, Ladislau-Alexandru"]
[Result "1-0"]
[WhiteElo "1998"]
[BlackElo "1843"]
[PlyCount "89"]
[EventDate "2009.11.28"]
[EventType "swiss"]
[EventRounds "10"]
[EventCountry "ESP"]
[Source "lmi"]
[SourceDate "2009.11.28"]

1. d4 Nf6 2. Bg5 e6 3. e3 d5 4. Nf3 Bd6 5. c4 c6 6. Nc3 Nbd7 7. c5 Be7 8. Bd3
b6 9. b4 a5 10. a3 axb4 11. axb4 Rxa1 12. Qxa1 bxc5 13. dxc5 e5 14. Bf5 e4 15.
Nd4 Ne5 16. O-O Bxf5 17. Nxf5 O-O 18. Nxe4 Ned7 19. Ned6 h6 20. Bf4 Nh5 21. Nb7
Qe8 22. Nxe7+ Qxe7 23. Bd6 Qe4 24. Bxf8 Nxf8 25. Qd4 Qe7 26. Nd6 Ne6 27. Qe5
Qh4 28. f4 g6 29. Ra1 Nhg7 30. g3 Qg4 31. Ne8 Nxe8 32. b5 cxb5 33. Qxd5 N8c7
34. Qe5 Qf5 35. Qxf5 gxf5 36. c6 Kf8 37. h3 h5 38. Kf2 Ke7 39. Rd1 Nd8 40. Rd7+
Ke8 41. Rxc7 Ne6 42. Rb7 Kd8 43. Rxb5 Kc7 44. Rb7+ Kxc6 45. Rxf7 1-0

[Event "8. Open Bali sub-2000"]
[Site "Benidorm ESP"]
[Date "2009.11.28"]
[Round "1.4"]
[White "Vidal Moscardo, Blas"]
[Black "Catarineu Navines, Federico"]
[Result "0-1"]
[WhiteElo "1841"]
[BlackElo "1996"]
[PlyCount "56"]
[EventDate "2009.11.28"]
[EventType "swiss"]
[EventRounds "10"]
[EventCountry "ESP"]
[Source "lmi"]
[SourceDate "2009.11.28"]

1. d4 Nf6 2. c4 g6 3. Nf3 Bg7 4. Nc3 d5 5. e3 O-O 6. Be2 c6 7. a4 Na6 8. cxd5
cxd5 9. O-O Nb4 10. Ne5 Bf5 11. Qb3 a5 12. Na2 Nc2 13. Rb1 Nxd4 14. exd4 Bxb1
15. Nc3 Bf5 16. Qxb7 Rb8 17. Qa7 Qb6 18. Qxe7 Rbe8 19. Qa3 Qxd4 20. Nc6 Qh4 21.
Bf3 Be4 22. g3 Qh3 23. Bxe4 dxe4 24. f3 exf3 25. Rxf3 Re1+ 26. Rf1 Re7 27. Ne2
Ng4 28. Nf4 Qxh2# 0-1

[Event "8. Open Bali sub-2000"]
[Site "Benidorm ESP"]
[Date "2009.11.28"]
[Round "1.5"]
[White "Garrido Fernandez, Javier"]
[Black "Maseda Iglesias, Luis"]
[Result "1-0"]
[WhiteElo "1996"]
[BlackElo "1839"]
[PlyCount "31"]
[EventDate "2009.11.28"]
[EventType "swiss"]
[EventRounds "10"]
[EventCountry "ESP"]
[Source "lmi"]
[SourceDate "2009.11.28"]

1. e4 e6 2. d4 d5 3. Nc3 Nf6 4. e5 Nfd7 5. Nf3 c5 6. Bg5 Qb6 7. Qd2 cxd4 8.
Nxd4 Nxe5 9. O-O-O Bd7 10. Re1 Nc4 11. Bxc4 dxc4 12. Nd5 Qc5 13. Re5 Qd6 14.
Rhe1 Nc6 15. Nb5 Nxe5 16. Ndc7+ 1-0

[Event "8. Open Bali sub-2000"]
[Site "Benidorm ESP"]
[Date "2009.11.28"]
[Round "1.7"]
[White "Lopez Garcia, Francisco Andres"]
[Black "Castan Sanclemente, Alejandro"]
[Result "1-0"]
[WhiteElo "1995"]
[BlackElo "1833"]
[PlyCount "53"]
[EventDate "2009.11.28"]
[EventType "swiss"]
[EventRounds "10"]
[EventCountry "ESP"]
[Source "lmi"]
[SourceDate "2009.11.28"]

1. e4 e5 2. Nf3 Nf6 3. Nc3 Nc6 4. Bb5 d6 5. d4 exd4 6. Nxd4 Bd7 7. O-O Ne5 8.
Bxd7+ Qxd7 9. Bg5 Be7 10. Nf5 Bf8 11. Bxf6 gxf6 12. Nd5 O-O-O 13. Nxf6 Qe6 14.
Nd5 Rg8 15. f4 Ng4 16. Qd4 c6 17. Nc3 Kb8 18. Qd3 d5 19. exd5 Bc5+ 20. Kh1 cxd5
21. Nd1 Qg6 22. g3 Qh5 23. Nh4 Rge8 24. b4 Bxb4 25. Rb1 Bc5 26. Qb5 Rc8 27.
Qxb7# 1-0

[Event "8. Open Bali sub-2000"]
[Site "Benidorm ESP"]
[Date "2009.11.28"]
[Round "1.8"]
[White "Guzman Del Rey, Cecilio"]
[Black "Arroyo Rodriguez, Jesus"]
[Result "0-1"]
[WhiteElo "1830"]
[BlackElo "1994"]
[PlyCount "28"]
[EventDate "2009.11.28"]
[EventType "swiss"]
[EventRounds "10"]
[EventCountry "ESP"]
[Source "lmi"]
[SourceDate "2009.11.28"]

1. e4 e5 2. Nf3 Nc6 3. d4 exd4 4. Nxd4 Bc5 5. Nxc6 Qf6 6. Qf3 Qxc6 7. Bd3 Ne7
8. O-O O-O 9. Be3 d6 10. Nc3 Be6 11. a3 a6 12. Qe2 Rae8 13. b4 Bxe3 14. Nd5 Ba7
0-1

[Event "8. Open Bali sub-2000"]
[Site "Benidorm ESP"]
[Date "2009.11.28"]
[Round "1.9"]
[White "Patino Andreu, Ramon"]
[Black "Torregrosa, Llul Fernando"]
[Result "1-0"]
[WhiteElo "1992"]
[BlackElo "1829"]
[PlyCount "93"]
[EventDate "2009.11.28"]
[EventType "swiss"]
[EventRounds "10"]
[EventCountry "ESP"]
[Source "lmi"]
[SourceDate "2009.11.28"]

1. e4 e6 2. d4 d5 3. e5 c5 4. c3 Nc6 5. Nf3 Bd7 6. Be2 Nge7 7. Na3 cxd4 8. cxd4
Qb6 9. Nc2 Nf5 10. O-O Be7 11. b3 O-O 12. Bd3 Nb4 13. Nxb4 Bxb4 14. Bb2 Bb5 15.
g4 Bxd3 16. Qxd3 Nh6 17. Ng5 g6 18. Qh3 Kg7 19. Nxh7 Rh8 20. Nf6 Ng8 21. Qf3
Nxf6 22. Qxf6+ Kg8 23. Rac1 Qd8 24. Qxd8+ Rxd8 25. Rc7 Rb8 26. Kg2 Kg7 27. Rfc1
Rh4 28. h3 Ba5 29. Rc8 Rh8 30. Rxb8 Rxb8 31. a3 a6 32. b4 Bd8 33. Kg3 a5 34. b5
Bb6 35. a4 Rh8 36. f4 Re8 37. Rc2 Rh8 38. Ba3 Bxd4 39. Be7 Re8 40. Bf6+ Kg8 41.
h4 b6 42. h5 gxh5 43. Rh2 Kh7 44. Rxh5+ Kg6 45. Rg5+ Kh6 46. Rg7 Rh8 47. Rxf7
1-0

[Event "8. Open Bali sub-2000"]
[Site "Benidorm ESP"]
[Date "2009.11.28"]
[Round "1.11"]
[White "Perez Rodriguez, Francisco  Javier"]
[Black "Sabe, Aurelien"]
[Result "1/2-1/2"]
[WhiteElo "1991"]
[BlackElo "1816"]
[PlyCount "80"]
[EventDate "2009.11.28"]
[EventType "swiss"]
[EventRounds "10"]
[EventCountry "ESP"]
[Source "lmi"]
[SourceDate "2009.11.28"]

1. d4 Nf6 2. Nf3 g6 3. e3 Bg7 4. Bd3 O-O 5. O-O d6 6. Nbd2 c5 7. c3 a6 8. a4 b6
9. Re1 Bb7 10. e4 cxd4 11. Nxd4 Nc6 12. Nxc6 Bxc6 13. Qe2 Nd7 14. Nb3 Bb7 15.
Bc2 Qc7 16. Be3 Nc5 17. f3 Rad8 18. Red1 Rd7 19. Bd4 e5 20. Be3 Ne6 21. Qf2 Nc5
22. Rd2 h6 23. a5 Rfd8 24. axb6 Qxb6 25. Nxc5 dxc5 26. Rxd7 Rxd7 27. b4 Qd8 28.
bxc5 Bf8 29. Ba4 Qa5 30. Qb2 Rd3 31. Bc6 Qxc3 32. Qxc3 Rxc3 33. Bxb7 Rxe3 34.
c6 Bd6 35. Rxa6 Rc3 36. Ra8+ Kg7 37. Kf2 Kf6 38. Re8 h5 39. h4 Be7 40. Rc8 Bd6
1/2-1/2

[Event "8. Open Bali sub-2000"]
[Site "Benidorm ESP"]
[Date "2009.11.28"]
[Round "1.12"]
[White "Lehto, Mikko"]
[Black "Moragrega Herrero, Juan Jose"]
[Result "0-1"]
[WhiteElo "1812"]
[BlackElo "1990"]
[PlyCount "58"]
[EventDate "2009.11.28"]
[EventType "swiss"]
[EventRounds "10"]
[EventCountry "ESP"]
[Source "lmi"]
[SourceDate "2009.11.28"]

1. c4 c6 2. f4 d5 3. e3 g6 4. Nf3 Bg7 5. Nc3 Bg4 6. h3 Bxf3 7. Qxf3 e6 8. d4
Nd7 9. c5 b6 10. Na4 bxc5 11. Nxc5 Nxc5 12. dxc5 Qa5+ 13. Bd2 Qxc5 14. Rc1 Qb6
15. b3 Ne7 16. Bd3 O-O 17. g4 e5 18. e4 Rad8 19. Qe3 c5 20. Qxc5 Qf6 21. Qf2
dxe4 22. Bxe4 Rd4 23. Bg2 Qd6 24. fxe5 Bxe5 25. Kd1 Rd8 26. Rc2 Bf4 27. Re1
Rxd2+ 28. Rxd2 Qxd2+ 29. Qxd2 Rxd2+ 0-1

[Event "8. Open Bali sub-2000"]
[Site "Benidorm ESP"]
[Date "2009.11.28"]
[Round "1.14"]
[White "Pastor Briones, Jose"]
[Black "Delseny, Serge"]
[Result "0-1"]
[WhiteElo "1843"]
[BlackElo "1998"]
[PlyCount "64"]
[EventDate "2009.11.28"]
[EventType "swiss"]
[EventRounds "10"]
[EventCountry "ESP"]
[Source "lmi"]
[SourceDate "2009.11.28"]

1. e4 e6 2. Nf3 d5 3. e5 c5 4. b4 cxb4 5. a3 bxa3 6. Nxa3 a6 7. d4 Nc6 8. c3
Bd7 9. Bd3 f5 10. O-O Nh6 11. Bg5 Be7 12. Bxh6 gxh6 13. Ne1 O-O 14. Qh5 Kg7 15.
f4 Qa5 16. Rf3 Be8 17. Rg3+ Bg6 18. Nac2 Qxc3 19. Qd1 Bh4 20. Rh3 Bxe1 21. Bxf5
Bxf5 22. Rxc3 Bxc3 23. Ra3 Bxc2 24. Qxc2 Nxd4 25. Qd1 Nb5 26. Qg4+ Kh8 27. Ra2
Rf5 28. Qf3 Bxe5 29. g4 Rxf4 30. Qe2 Bd4+ 31. Kh1 Nc3 32. Qg2 Nxa2 0-1

[Event "8. Open Bali sub-2000"]
[Site "Benidorm ESP"]
[Date "2009.11.28"]
[Round "1.15"]
[White "Sanchez Lopez, Diego"]
[Black "Escriva Agud, Salvador"]
[Result "1-0"]
[WhiteElo "1990"]
[BlackElo "1809"]
[PlyCount "59"]
[EventDate "2009.11.28"]
[EventType "swiss"]
[EventRounds "10"]
[EventCountry "ESP"]
[Source "lmi"]
[SourceDate "2009.11.28"]

1. d4 Nf6 2. Nf3 d5 3. c3 Bf5 4. Qb3 Qc8 5. Bf4 Nbd7 6. Nbd2 e6 7. h3 c5 8. e3
c4 9. Qd1 Qc6 10. Nh4 Be4 11. f3 Bg6 12. Nxg6 hxg6 13. Bg3 Bd6 14. Bf2 b5 15.
Qc2 Nh5 16. f4 Nhf6 17. Be2 Rb8 18. Bf3 b4 19. O-O O-O 20. g3 a5 21. e4 Be7 22.
e5 Nh7 23. h4 bxc3 24. bxc3 Rb5 25. h5 gxh5 26. Bxh5 Rfb8 27. Bxf7+ Kxf7 28.
Qxh7 Rb2 29. Be3 Qa4 30. f5 1-0

[Event "8. Open Bali sub-2000"]
[Site "Benidorm ESP"]
[Date "2009.11.28"]
[Round "1.16"]
[White "Fernandez Martinez, Jose"]
[Black "Palomino Menendez, Salvador"]
[Result "0-1"]
[WhiteElo "1808"]
[BlackElo "1989"]
[PlyCount "52"]
[EventDate "2009.11.28"]
[EventType "swiss"]
[EventRounds "10"]
[EventCountry "ESP"]
[Source "lmi"]
[SourceDate "2009.11.28"]

1. e4 c5 2. Nf3 Nc6 3. d4 cxd4 4. Nxd4 d6 5. Nc3 a6 6. Be2 e5 7. Nb3 Nf6 8. Be3
b5 9. f3 Be6 10. O-O Be7 11. a3 O-O 12. Nd5 Bxd5 13. exd5 Na5 14. Nxa5 Qxa5 15.
b4 Qc7 16. Qd3 Rac8 17. Rac1 Qc3 18. Rfd1 Nxd5 19. Qxc3 Nxc3 20. Re1 d5 21. Bd3
f5 22. Bd2 e4 23. fxe4 fxe4 24. Be2 Nxe2+ 25. Rxe2 Bf6 26. Be1 Bd4+ 0-1

[Event "8. Open Bali sub-2000"]
[Site "Benidorm ESP"]
[Date "2009.11.28"]
[Round "1.17"]
[White "Moya De La Flor, Daniel"]
[Black "Blanco Blanco, Jesus"]
[Result "1-0"]
[WhiteElo "1989"]
[BlackElo "1804"]
[PlyCount "79"]
[EventDate "2009.11.28"]
[EventType "swiss"]
[EventRounds "10"]
[EventCountry "ESP"]
[Source "lmi"]
[SourceDate "2009.11.28"]

1. e4 e6 2. d4 d5 3. Nc3 Nf6 4. Bg5 Bb4 5. e5 Bxc3+ 6. bxc3 h6 7. Bc1 Ne4 8.
Qg4 g5 9. Qh5 Nxc3 10. Nf3 Kd7 11. Ba3 Qg8 12. Bd3 a6 13. Bb4 Na4 14. Ba3 Nc6
15. c4 dxc4 16. Bxc4 Nb6 17. d5 exd5 18. Bb3 Ke8 19. O-O Be6 20. Ne1 Nxe5 21.
Qe2 Nbd7 22. Bb2 f6 23. Nd3 Nxd3 24. Qxd3 Nc5 25. Qf3 Qf7 26. Rfe1 Kd7 27. Rad1
Nxb3 28. Qxb3 b5 29. Rc1 Rhc8 30. Qe3 Re8 31. Qc5 Rec8 32. Qc6+ Ke7 33. Ba3+
Kd8 34. Rxe6 Qd7 35. Be7+ Qxe7 36. Rxe7 Kxe7 37. Re1+ Kf7 38. Qxd5+ Kg6 39.
Qd3+ Kh5 40. Re3 1-0

[Event "8. Open Bali sub-2000"]
[Site "Benidorm ESP"]
[Date "2009.11.28"]
[Round "1.18"]
[White "Benito Alba, Eladio"]
[Black "Aledo Lopez, Angel"]
[Result "1/2-1/2"]
[WhiteElo "1803"]
[BlackElo "1988"]
[PlyCount "59"]
[EventDate "2009.11.28"]
[EventType "swiss"]
[EventRounds "10"]
[EventCountry "ESP"]
[Source "lmi"]
[SourceDate "2009.11.28"]

1. d4 Nf6 2. Nf3 c5 3. d5 d6 4. c4 g6 5. Nc3 Bg7 6. e4 O-O 7. Be2 Bg4 8. h3
Bxf3 9. Bxf3 Nfd7 10. O-O Na6 11. Bf4 Nc7 12. Re1 a6 13. a4 a5 14. Qd2 Na6 15.
Nb5 Nb4 16. Rab1 Re8 17. Bg4 Ra6 18. Bxd7 Qxd7 19. e5 dxe5 20. Bxe5 f6 21. Bc3
e5 22. Bxb4 axb4 23. b3 f5 24. Rbd1 e4 25. Qe3 Rc8 26. f3 exf3 27. Qxf3 Bf6 28.
Re2 Qg7 29. Red2 Qd7 30. Kh1 1/2-1/2

[Event "8. Open Bali sub-2000"]
[Site "Benidorm ESP"]
[Date "2009.11.28"]
[Round "1.19"]
[White "Martinez Hernandez, Javier"]
[Black "Bardin, Christian"]
[Result "1/2-1/2"]
[WhiteElo "1988"]
[BlackElo "1801"]
[PlyCount "50"]
[EventDate "2009.11.28"]
[EventType "swiss"]
[EventRounds "10"]
[EventCountry "ESP"]
[Source "lmi"]
[SourceDate "2009.11.28"]

1. e4 e5 2. Nf3 d6 3. d4 exd4 4. Bc4 Be7 5. Nxd4 Nf6 6. Nc3 O-O 7. O-O a6 8. a4
Nxe4 9. Nxe4 d5 10. Bd3 dxe4 11. Bxe4 Bf6 12. Be3 Nd7 13. c3 Ne5 14. Qc2 g6 15.
Rad1 Qe7 16. Bh6 Re8 17. Rfe1 Ng4 18. Bf4 Bxd4 19. Rxd4 Bf5 20. f3 Nf6 21. Bg5
Qe6 22. Bxf6 Qxf6 23. g4 Bxe4 24. Rdxe4 Rxe4 25. Qxe4 Qb6+ 1/2-1/2

[Event "8. Open Bali sub-2000"]
[Site "Benidorm ESP"]
[Date "2009.11.28"]
[Round "1.20"]
[White "De La Fuente Ortega, Alberto"]
[Black "Zamora Soler, Raul"]
[Result "1-0"]
[WhiteElo "1800"]
[BlackElo "1988"]
[PlyCount "117"]
[EventDate "2009.11.28"]
[EventType "swiss"]
[EventRounds "10"]
[EventCountry "ESP"]
[Source "lmi"]
[SourceDate "2009.11.28"]

1. d4 d5 2. Nf3 Nf6 3. c4 c6 4. Nc3 dxc4 5. a4 Bf5 6. e3 e6 7. Bxc4 Nbd7 8. O-O
Be7 9. h3 O-O 10. Nh4 Nb6 11. Be2 Ne4 12. Nxf5 exf5 13. Qc2 Nxc3 14. bxc3 Qd7
15. Rd1 Nd5 16. Bd2 Nf6 17. Bf3 g6 18. c4 Rac8 19. Rab1 b6 20. Qb3 c5 21. d5
Ne4 22. Bxe4 fxe4 23. Bc3 Bd6 24. Qb5 Qe7 25. a5 Rb8 26. axb6 Rxb6 27. Qa4 Rfb8
28. Rxb6 Rxb6 29. g3 Kf8 30. Ba5 Rb2 31. Qc6 h5 32. Bc3 Rb8 33. Ra1 f6 34. Ra6
Rd8 35. Ba5 Rd7 36. Qa8+ Kg7 37. Qc6 g5 38. Bc3 Rd8 39. Ra2 Kg6 40. Rb2 Rb8 41.
Rxb8 Bxb8 42. Qc8 Bd6 43. g4 hxg4 44. hxg4 Kg7 45. Qf5 Kf7 46. Qh7+ Kf8 47. Qg6
Be5 48. Qh6+ Kg8 49. Qg6+ Kf8 50. Bxe5 Qxe5 51. Qh7 a6 52. Qa7 Qd6 53. Kf1 Ke8
54. Ke2 Qe5 55. Qxc5 f5 56. gxf5 Qxf5 57. Qc6+ Kd8 58. d6 Qa5 59. Qxe4 1-0

[Event "8. Open Bali sub-2000"]
[Site "Benidorm ESP"]
[Date "2009.11.28"]
[Round "1.21"]
[White "Lopez Forn, Marc"]
[Black "Dominguez Marquez, Juan Carlos"]
[Result "1-0"]
[WhiteElo "1987"]
[BlackElo "1800"]
[PlyCount "99"]
[EventDate "2009.11.28"]
[EventType "swiss"]
[EventRounds "10"]
[EventCountry "ESP"]
[Source "lmi"]
[SourceDate "2009.11.28"]

1. e4 c6 2. d4 d5 3. Nc3 dxe4 4. f3 exf3 5. Nxf3 Bg4 6. Bc4 Nf6 7. Bxf7+ Kxf7
8. Ne5+ Kg8 9. Nxg4 Nxg4 10. Qxg4 Qd7 11. Qf4 Qe6+ 12. Be3 Nd7 13. O-O Nf6 14.
Rae1 Qd6 15. Qf3 h5 16. h4 Rd8 17. Kh1 Qe6 18. Bg1 Qg4 19. Qxg4 Nxg4 20. Ne4
Nf6 21. Nc5 b6 22. Nd3 Rh6 23. Ne5 Ng4 24. Nxg4 hxg4 25. g3 Rf6 26. Kg2 Kh7 27.
Re4 Rg6 28. Rff4 Kg8 29. Rxg4 Rxg4 30. Rxg4 Rd6 31. Re4 Rf6 32. Be3 Kf7 33. g4
Re6 34. Rf4+ Kg8 35. Kf3 Rf6 36. g5 Rxf4+ 37. Bxf4 g6 38. Ke4 Kf7 39. d5 c5 40.
Bb8 b5 41. Bxa7 c4 42. b3 cxb3 43. axb3 e6 44. c4 bxc4 45. bxc4 exd5+ 46. Kxd5
Bb4 47. Bf2 Bd2 48. Bg3 Ke7 49. c5 Kd7 50. c6+ 1-0

[Event "8. Open Bali sub-2000"]
[Site "Benidorm ESP"]
[Date "2009.11.28"]
[Round "1.23"]
[White "Panican, Gheorghe"]
[Black "Santos Izquierdo, Carlos"]
[Result "1-0"]
[WhiteElo "1986"]
[BlackElo "1798"]
[PlyCount "83"]
[EventDate "2009.11.28"]
[EventType "swiss"]
[EventRounds "10"]
[EventCountry "ESP"]
[Source "lmi"]
[SourceDate "2009.11.28"]

1. e4 d6 2. d4 Nf6 3. Bd3 g6 4. f3 Nbd7 5. Ne2 Bg7 6. Be3 c6 7. Qd2 e5 8. c3
Qa5 9. Na3 Qc7 10. g4 b6 11. h4 Bb7 12. h5 O-O-O 13. h6 Bf8 14. g5 Ng8 15. Nc2
Ne7 16. O-O-O d5 17. Kb1 c5 18. exd5 Nxd5 19. Be4 Nxe3 20. Qxe3 Be7 21. Bxb7+
Kxb7 22. f4 f6 23. gxf6 Bxf6 24. dxe5 Be7 25. Na3 Rhe8 26. c4 Nf8 27. Nc3 Ne6
28. Nd5 Qc6 29. Nc2 Rd7 30. Rdf1 Rf8 31. Qe4 Rf5 32. Nce3 Rf7 33. f5 gxf5 34.
Nxf5 Ng5 35. Qc2 Bf8 36. Rhg1 Ne6 37. Nf6 Rc7 38. Rd1 Be7 39. Nd6+ Bxd6 40.
Rxd6 Nd4 41. Rxc6 Nxc2 42. Rxc7+ 1-0

[Event "8. Open Bali sub-2000"]
[Site "Benidorm ESP"]
[Date "2009.11.28"]
[Round "1.24"]
[White "Harestad, Ove Henning"]
[Black "Munuera Sanchez, Jorge Juan"]
[Result "1/2-1/2"]
[WhiteElo "1798"]
[BlackElo "1985"]
[PlyCount "51"]
[EventDate "2009.11.28"]
[EventType "swiss"]
[EventRounds "10"]
[EventCountry "ESP"]
[Source "lmi"]
[SourceDate "2009.11.28"]

1. d4 d5 2. Bf4 Nc6 3. c3 f6 4. h3 e5 5. dxe5 fxe5 6. Bh2 Nf6 7. Qc2 Bd6 8. e3
O-O 9. Nd2 Be6 10. Ngf3 d4 11. e4 dxc3 12. bxc3 Nh5 13. Bb5 Nf4 14. Bxf4 Rxf4
15. Rd1 Qf6 16. Be2 Qg6 17. g3 Rf6 18. Nh4 Qf7 19. Nf5 Kh8 20. O-O Bxf5 21.
exf5 Rxf5 22. Bg4 Rf6 23. Ne4 Rh6 24. Qe2 Rf8 25. a4 Qe7 26. Rd3 1/2-1/2

[Event "8. Open Bali sub-2000"]
[Site "Benidorm ESP"]
[Date "2009.11.28"]
[Round "1.25"]
[White "Santos Ramos, Carles"]
[Black "Agullo Valcarcel, Carlos"]
[Result "0-1"]
[WhiteElo "1985"]
[BlackElo "1797"]
[PlyCount "78"]
[EventDate "2009.11.28"]
[EventType "swiss"]
[EventRounds "10"]
[EventCountry "ESP"]
[Source "lmi"]
[SourceDate "2009.11.28"]

1. d4 e6 2. e4 c5 3. Nf3 cxd4 4. Nxd4 Nf6 5. Bd3 Nc6 6. Nxc6 bxc6 7. O-O Be7 8.
c4 d6 9. Nc3 O-O 10. Be3 Nd7 11. f4 Qa5 12. a3 e5 13. b4 Qc7 14. f5 Bb7 15. Rf3
Nf6 16. Rg3 Kh8 17. Rh3 d5 18. cxd5 cxd5 19. Nb5 Qd7 20. exd5 Bxd5 21. Nc3 Bb7
22. Qf1 Rfd8 23. Be2 Rac8 24. Rd1 Qc6 25. Bxa7 Rxd1 26. Nxd1 Rd8 27. Nf2 Rd2
28. Be3 Rxe2 29. Rg3 Ra2 30. Nd3 Qc3 31. Bc1 Ra1 32. Re3 e4 33. Qf4 Rxc1+ 34.
Nxc1 Qxc1+ 35. Kf2 Qd2+ 36. Kg1 Bd6 37. Qf2 Bxh2+ 38. Kf1 Ba6+ 39. Re2 Ng4 0-1

[Event "8. Open Bali sub-2000"]
[Site "Benidorm ESP"]
[Date "2009.11.28"]
[Round "1.26"]
[White "Serarols Mabras, Bernat"]
[Black "Cebolla Moll, Ricardo"]
[Result "1-0"]
[WhiteElo "1795"]
[BlackElo "1985"]
[PlyCount "68"]
[EventDate "2009.11.28"]
[EventType "swiss"]
[EventRounds "10"]
[EventCountry "ESP"]
[Source "lmi"]
[SourceDate "2009.11.28"]

1. d4 Nf6 2. Nf3 g6 3. c4 Bg7 4. Nc3 d5 5. cxd5 Nxd5 6. e4 Nxc3 7. bxc3 c5 8.
Be3 Qa5 9. Qd2 Nc6 10. e5 Bg4 11. Be2 cxd4 12. cxd4 Qxd2+ 13. Nxd2 Bxe2 14.
Kxe2 Rd8 15. Nb3 O-O 16. h4 h6 17. g4 Rd5 18. Rad1 Rfd8 19. f4 a5 20. h5 a4 21.
Nc5 b5 22. Nb7 Rb8 23. Nc5 e6 24. hxg6 Rbd8 25. gxf7+ Kxf7 26. Nb7 R8d7 27.
Nd6+ R7xd6 28. exd6 Rxd6 29. f5 exf5 30. d5 Ne5 31. gxf5 Nd7 32. Bc1 b4 33. Rh4
Rb6 34. Be3 Rb5 1-0

[Event "8. Open Bali sub-2000"]
[Site "Benidorm ESP"]
[Date "2009.11.28"]
[Round "1.27"]
[White "Garcia Lopez, Juan Antonio"]
[Black "Penalver Guardia, Josep"]
[Result "1-0"]
[WhiteElo "1984"]
[BlackElo "1795"]
[PlyCount "49"]
[EventDate "2009.11.28"]
[EventType "swiss"]
[EventRounds "10"]
[EventCountry "ESP"]
[Source "lmi"]
[SourceDate "2009.11.28"]

1. e4 e6 2. d4 d5 3. Nd2 Nf6 4. e5 Nfd7 5. Bd3 c5 6. c3 Nc6 7. Ne2 cxd4 8. cxd4
f6 9. Nf4 Nxd4 10. Qh5+ Ke7 11. Ng6+ hxg6 12. exf6+ Nxf6 13. Qxh8 Nf5 14. Nf3
Qc7 15. Bd2 Bd7 16. Bb4+ Nd6 17. Ne5 Be8 18. O-O Qb6 19. Ba3 Rd8 20. Rfe1 g5
21. Qh3 Nfe4 22. Bxe4 dxe4 23. Rxe4 Kf6 24. Qf3+ Nf5 25. Bxf8 1-0

[Event "8. Open Bali sub-2000"]
[Site "Benidorm ESP"]
[Date "2009.11.28"]
[Round "1.28"]
[White "Castello Castello, Juan Jose"]
[Black "Ledo Galan, Jose Emilio"]
[Result "0-1"]
[WhiteElo "1794"]
[BlackElo "1983"]
[PlyCount "88"]
[EventDate "2009.11.28"]
[EventType "swiss"]
[EventRounds "10"]
[EventCountry "ESP"]
[Source "lmi"]
[SourceDate "2009.11.28"]

1. Nf3 g6 2. c4 Bg7 3. Nc3 d6 4. d4 Nf6 5. e4 O-O 6. Be2 Nbd7 7. Bf4 Nh5 8. Be3
Re8 9. Qc2 c6 10. g4 Nhf6 11. h3 e5 12. O-O-O Qa5 13. Nd2 exd4 14. Bxd4 d5 15.
Nb3 Qc7 16. exd5 cxd5 17. cxd5 Nb6 18. Rhe1 Bd7 19. Bf1 Rac8 20. Rxe8+ Bxe8 21.
Bg2 Qh2 22. Bf1 Nfxd5 23. Bxg7 Kxg7 24. Kb1 Nxc3+ 25. bxc3 Qe5 26. Rc1 Na4 27.
c4 b5 28. Qe2 Nc3+ 29. Rxc3 Qxc3 30. c5 a5 31. Qb2 Qxb2+ 32. Kxb2 a4 33. Nd4
Rxc5 34. a3 Bd7 35. f3 Kf6 36. Bd3 Ke5 37. Ne2 f5 38. f4+ Kd5 39. g5 Rc8 40. h4
Re8 41. Kc2 Rxe2+ 42. Bxe2 Ke4 43. h5 Kxf4 44. hxg6 hxg6 0-1

[Event "8. Open Bali sub-2000"]
[Site "Benidorm ESP"]
[Date "2009.11.28"]
[Round "1.29"]
[White "Cirjan, Daniel"]
[Black "Diaz Begonte, Manuel"]
[Result "1/2-1/2"]
[WhiteElo "1981"]
[BlackElo "1793"]
[PlyCount "74"]
[EventDate "2009.11.28"]
[EventType "swiss"]
[EventRounds "10"]
[EventCountry "ESP"]
[Source "lmi"]
[SourceDate "2009.11.28"]

1. d4 d6 2. Nf3 g6 3. Nc3 Bg7 4. e4 c6 5. Be3 Nd7 6. Qd2 b5 7. a3 a6 8. Be2 h5
9. O-O Bb7 10. Rad1 Qc7 11. Ng5 Ngf6 12. h3 O-O 13. f4 Nh7 14. Nxh7 Kxh7 15. f5
c5 16. dxc5 Nxc5 17. fxg6+ fxg6 18. Bf3 Nd7 19. Bd4 Bxd4+ 20. Qxd4 Qc5 21. Qxc5
Nxc5 22. Nd5 Bxd5 23. exd5 Nd7 24. Be2 Kg7 25. h4 Rxf1+ 26. Kxf1 Rc8 27. c3 Nb6
28. Kf2 Rc5 29. Bf3 Nc4 30. Rb1 Kf6 31. Ke2 Nb6 32. Rd1 Ke5 33. Kf2 Nc4 34.
Re1+ Kf6 35. Re2 Nb6 36. Rd2 Nc4 37. Re2 Nb6 1/2-1/2